000 01020cab a2200337 4500
001 ABS57568
008 090401t1997 xxu||||| |||| 00| 0 eng d
035 _a(Sirsi) u80888
041 _aeng
100 _aTolson, S.
245 _aDon`t talk to strangers
260 _c1997
350 _a0
490 _aBuilding
_v257(8006) 12 September 1997, 39(1)
520 _aDiscusses the extent of consultants` duty of care to parties they have not been directly involved with. Uses case law to highlight the dangers. "Machin v Adams" (1997 CILL 1273).
650 _aARCHITECTS
650 _aBREACH OF CONTRACT
650 _aCARDY V TAYLOR
650 _aCONSULTANTS
650 _aDUTY OF CARE
650 _aENGINEERS
650 _aGABLE HOUSE ESTATES V HALPERN PARTNERSHIPS
650 _aLIABILITY
650 _aMACHIN V ADAMS
650 _aNEGLIGENCE
650 _aSURVEYORS
650 _aTHIRD PARTIES
690 _aBUILT ENVIRONMENT-BUILDING CONTRACT FORMS
942 _n0
948 _c16/09/1997
999 _c50936
_d50936